|
|
|
|
| LEADER |
00940nam a2200241 a 4500 |
| 001 |
8087 |
| 003 |
BD-DhAAL |
| 008 |
091205r1994 ii a b 001 0 eng d |
| 999 |
|
|
|c 5972
|d 5972
|
| 040 |
|
|
|a DLC
|c CarP
|d DLC
|d BD-DhAAL
|
| 082 |
0 |
0 |
|a 332.401
|2 20
|
| 100 |
1 |
|
|a Kurihara, Kenneth K.
|9 40271
|
| 245 |
1 |
0 |
|a Monetary theory and public policy /
|c by Kenneth K. Kurihara.
|
| 260 |
|
|
|a New Delhi :
|b Kalyani Publishers,
|c 1994 [reprinted].
|
| 300 |
|
|
|a 393 pages :
|b illustrations ;
|c 22 cm.
|
| 504 |
|
|
|a Includes bibliographical references and index.
|
| 541 |
1 |
|
|e 00008087
|
| 650 |
|
0 |
|a Money.
|9 40272
|
| 650 |
|
0 |
|a Currency question.
|9 40273
|
| 650 |
|
0 |
|a Economic policy.
|9 40274
|
| 852 |
4 |
|
|a Ayesha Abed Library
|j General Stacks
|
| 942 |
|
|
|2 ddc
|c BK
|
| 952 |
|
|
|0 0
|1 0
|2 ddc
|4 0
|6 332_408000000000000_KUR_1994
|7 0
|9 5956
|a BRACUL
|b BRACUL
|c GEN
|d 2009-12-07
|g 0.00
|l 0
|o 332.408 KUR
|p 3010008087
|r 2009-12-07
|t 1
|w 2009-12-07
|y BK
|x No price found in the accession register.
|